[Event "Bad Woerishofen op"]
[Site "Bad Woerishofen"]
[Date "2001.??.??"]
[Round "3"]
[White "Ring, Gregor"]
[Black "Schoen, Rudolf"]
[Result "1-0"]
[WhiteElo "1750"]
[BlackElo "2010"]
[Annotator "ChessOrg"]
[PlyCount "90"]
[EventDate "1998.03.05"]
[Source "ChessBase"]
[SourceDate "1998.04.29"]

1. c4 {D10: Damengambit (Slawische Verteidigung)} 1... Nf6 2. Nc3 d5 3. d4 c6
4. b3 {letzter Buchzug} 4... Bf5 5. Nf3 e6 6. e3 Bb4 7. Bd2 Qa5 8. Qc1 Ne4 (
8... Qa3 9. Nh4 Bg4 10. h3 $11) 9. Nxe4 $14 9... Bxe4 10. a3 Bxd2+ 11. Nxd2 Bg6
12. Be2 Nd7 13. O-O O-O 14. b4 Qd8 15. Qd1 Nf6 16. f3 Re8 17. Rc1 (17. f4 17...
a5 $11) 17... a5 18. b5 Qe7 19. c5 (19. Qb3 $5 $15) 19... e5 $17 20. Re1 exd4
21. e4 (21. exd4 Qe3+ 22. Kh1 Qxa3 23. bxc6 23... bxc6 $19) 21... dxe4 $19 22.
Nxe4 (22. fxe4 22... Red8 $19 (22... Bxe4 $6 23. Bd3 $11)) 22... Nxe4 (22...
Bxe4 23. Bc4 $19) 23. Bd3 f5 (23... Qg5 24. Bxe4 Bxe4 25. fxe4 $19) 24. fxe4
$17 24... fxe4 25. Bc4+ Kh8 26. Qxd4 Qg5 27. bxc6 bxc6 28. Bf1 (28. Qe3 Qxe3+
29. Rxe3 29... Rad8 $17) 28... e3 $19 29. Rc3 Rad8 (29... Re4 $142 30. Qd6
30... Rae8 $19) 30. Rcxe3 $11 30... Rf8 (30... Rxd4 $4 31. Rxe8+ Bxe8 32. Rxe8#
) 31. Qc3 Rd5 32. Re7 Qf6 (32... Bh5 33. h4 Rxc5 34. Rxg7 (34. hxg5 $143 34...
Rxc3 35. R7e3 35... Rc2 $17) 34... Qxg2+ 35. Bxg2 Rxc3 36. Rg5 $11) 33. Qxf6
$14 33... gxf6 (33... Rxf6 $4 34. Re8+ Bxe8 35. Rxe8+ Rf8 36. Rxf8#) 34. Rc1
Re5 35. Ra7 Rd8 36. Rxa5 Bd3 (36... Kg7 $5 $16) 37. Bxd3 (37. Rd1 37... Red5
$18) 37... Rxd3 38. Rc2 Ree3 39. Ra8+ Kg7 40. Rc8 (40. a4 40... Ra3 $18) 40...
Rxa3 (40... Re6 $5 41. Rc7+ 41... Kg6 $16) 41. Rxc6 $18 41... Rec3 42. Rxc3
Rxc3 43. Rc8 Kf7 44. c6 h6 (44... Ke6 45. Kf2 $16) 45. c7 45... Rc2 $4 (45...
Ke7 $16 $142) 1-0

[Event "Bad Woerishofen op"]
[Site "Bad Woerishofen"]
[Date "2001.??.??"]
[Round "5"]
[White "Ring, Gregor"]
[Black "Forster, Manfred"]
[Result "1-0"]
[WhiteElo "1750"]
[BlackElo "1900"]
[Annotator "ChessOrg"]
[PlyCount "79"]
[EventDate "1998.03.05"]
[Source "ChessBase"]
[SourceDate "1998.04.29"]

1. c4 {A23: Englische Eroeffnung} 1... Nf6 2. Nc3 e5 3. g3 c6 4. Bg2 Be7 5. Nf3
d6 6. d4 6... exd4 {letzter Buchzug} 7. Nxd4 O-O 8. O-O Nbd7 9. Nf5 Ne5 10.
Nxe7+ Qxe7 11. b3 Bf5 12. Bb2 Rad8 13. Qd4 a6 14. Rad1 Rfe8 15. Rd2 h5 (15...
b5 16. cxb5 axb5 17. Rfd1 $11) 16. Qf4 (16. Rfd1 16... b5 $14) 16... Bg6 (16...
Qe6 $5 $11) 17. Rfd1 $16 17... Neg4 (17... b6 18. Ba3 c5 19. Bb2 $16) 18. h3 (
18. Ba3 18... c5 $18) 18... Ne5 19. Ba3 c5 20. Bb2 Qe6 21. Nd5 (21. Na4 21...
Rd7 $16) 21... Nxd5 22. Rxd5 Nc6 23. e3 Nb4 (23... Qe7 24. Qg5 $16) 24. Rxd6
$18 24... Rxd6 25. Rxd6 (25. Qxd6 $5 25... Qxd6 26. Rxd6 Nxa2 27. Bxb7 $16)
25... Qe7 $14 26. Rd2 Nd3 27. Qf3 Nxb2 28. Rxb2 Qe5 29. Rd2 Be4 30. Qd1 Bxg2
31. Kxg2 g6 32. Qf3 Re7 (32... Qe7 33. a3 $16) 33. Rd8+ Kg7 34. Rd5 Qb2 35.
Rxc5 Qxa2 36. Qd1 36... Kh7 $4 (36... Re6 $5 $142 37. Rd5 37... b6 $16) 37. Qd3
(37. Qd8 Rxe3 38. Qf6 Qb2 39. Qxb2 39... Re8 $18) 37... Kg7 $4 (37... Qb2 38.
Rxh5+ Kg7 39. Ra5 $18) 38. Qd4+ (38. Qd8 Rxe3 39. Qd4+ Kh7 40. Rc8 Rxg3+ 41.
Kxg3 g5 42. Qf6 Qxb3+ 43. Kh2 Qxh3+ 44. Kxh3 g4+ 45. Kh4 b6 46. Rh8#) 38... Kh7
(38... f6 39. Qd8 39... Kf7 $18) 39. Rc8 f6 40. Qd8 (40. Qd8 Qxf2+ 41. Kxf2 Kh6
42. Qxe7 Kg5 43. Rc5+ Kh6 44. Qf8+ Kh7 45. Rc7#) 1-0

[Event "Bad Woerishofen op"]
[Site "Bad Woerishofen"]
[Date "2001.??.??"]
[Round "7"]
[White "Ring, Gregor"]
[Black "Hartung, Thomas"]
[Result "0-1"]
[WhiteElo "1750"]
[BlackElo "2062"]
[Annotator "ChessOrg"]
[PlyCount "90"]
[EventDate "1998.03.05"]
[Source "ChessBase"]
[SourceDate "1998.04.29"]

1. c4 {A22: Englische Eroeffnung} 1... Nf6 2. Nc3 e5 3. g3 d5 4. Bg2 {
letzter Buchzug} 4... d4 5. Ne4 c5 6. d3 Nc6 7. Bg5 Be7 8. Bxf6 Bxf6 9. Nf3 O-O
10. O-O Be7 11. a3 Rb8 12. Ne1 f5 13. Nd2 f4 14. Ne4 Bg4 15. Nf3 b5 16. Ned2 b4
17. Qc2 Qd7 18. Rfb1 Rb6 19. axb4 Rxb4 20. Nb3 Rfb8 (20... e4 21. dxe4 d3 22.
Qc3 (22. exd3 $2 22... fxg3 23. Nbd2 gxf2+ 24. Kh1 24... Bf6 $19) 22... fxg3
23. hxg3 dxe2 24. Nbd2 $17) 21. Na5 $11 21... Bxf3 22. Bxf3 Nxa5 23. Rxa5 Qc7
24. Ra6 fxg3 25. hxg3 Rb3 26. Bc6 R3b6 27. Rxb6 Rxb6 28. Ba4 (28. Bd5+ $5 $142
28... Kh8 29. Qa4 $11) 28... Qb7 $17 29. b3 (29. Qd2 $5 $17) 29... Rh6 30. f3
Bg5 31. Kg2 Qc8 32. g4 Be3 33. Rh1 Rxh1 34. Kxh1 Qd8 35. Qd1 Qh4+ 36. Kg2 Qf2+
37. Kh1 Bf4 38. Qg1 Qxe2 39. Bc6 Qxd3 40. Bd5+ Kf8 41. b4 (41. Qe1 $19) 41...
cxb4 42. Qe1 (42. Kg2 Qc2+ 43. Kh3 43... b3 $19) 42... Qc3 (42... a5 43. Kg2
$19) 43. Qb1 (43. Qh4 Qc1+ 44. Kg2 Qd2+ 45. Kf1 Qd3+ 46. Kf2 Qc2+ 47. Kf1 Qb1+
48. Kg2 Qa2+ 49. Kf1 $19) 43... d3 44. c5 (44. Qg1 Ke8 45. Bc6+ Kd8 46. Ba4 $19
) 44... Qc2 45. Qxb4 Qh2# 0-1

[Event "Bad Woerishofen op"]
[Site "Bad Woerishofen"]
[Date "2001.??.??"]
[Round "9"]
[White "Ring, Gregor"]
[Black "Warnk, Torsten"]
[Result "1-0"]
[WhiteElo "1750"]
[BlackElo "2039"]
[Annotator "ChessOrg"]
[PlyCount "109"]
[EventDate "1998.03.05"]
[Source "ChessBase"]
[SourceDate "1998.04.29"]

1. Nf3 {D04: Damenbauernspiele} 1... d5 2. d4 Nf6 3. e3 g6 4. Bb5+ {
letzter Buchzug} 4... c6 5. Bd3 Bg7 6. O-O O-O (6... Bf5 7. c4 $15) 7. h3 Nbd7
8. b3 Re8 9. Bb2 Qc7 10. Nbd2 Nh5 11. Be2 f5 12. c4 e6 13. Rc1 Nhf6 14. Ne5 (
14. b4 14... Ne4 $14) 14... Ne4 (14... Nxe5 15. dxe5 Ne4 16. Nxe4 dxe4 17. Qd4
$11) 15. Ndf3 Nxe5 16. Nxe5 Qa5 (16... Rd8 $5 $11) 17. a3 $14 17... Bxe5 18.
dxe5 dxc4 19. Rxc4 Rd8 20. Rd4 Rxd4 21. Qxd4 Qd5 (21... Qd2 22. Bd3 Nc5 23. Bc4
$14) 22. Rd1 $16 22... Qxd4 23. Rxd4 Nc5 24. Rd8+ Kf7 25. b4 Nd7 26. Bd4 26...
b6 $2 (26... h5 $14 $142) 27. Ba6 $1 $18 27... c5 28. Bc3 cxb4 29. axb4 (29.
Bxc8 bxc3 30. Rxd7+ 30... Ke8 $15) (29. Rxc8 $2 29... Rxc8 30. Bxb4 Rc1+ 31.
Kh2 31... Nxe5 $19) 29... Bxa6 30. Rxa8 (30. Rxd7+ $6 30... Kg8 $11) 30... Bc4
31. Rxa7 Ke8 32. Ra8+ Kf7 33. Bd4 b5 34. Ra7 Ke8 35. f3 Bd5 36. Kf2 Bc4 37. h4
h5 (37... h6 38. Ra8+ Kf7 39. Rh8 $18) 38. Kg3 Bf1 39. Ra8+ Kf7 40. Rc8 (40.
Ra1 $5 40... Bc4 $18) 40... Be2 41. Rc7 Ke8 42. Bc5 Bc4 43. Bd6 Bf1 44. Rc8+
Kf7 45. Ra8 (45. Kf4 $5 $142 45... Bxg2 46. Rc1 g5+ 47. hxg5 47... Nb6 $18)
45... Nb6 46. Ra7+ Kg8 47. Re7 Bc4 (47... Nd5 48. Rd7 $18 (48. Rxe6 $6 48...
Kf7 49. Rf6+ Nxf6 50. exf6 50... Kxf6 $14)) 48. Bc5 Na4 49. Kf4 Nc3 (49... Nxc5
50. bxc5 50... Kf8 $18) 50. Ra7 (50. Kg5 Nd5 51. Rb7 Ne7 52. Rxe7 Bd5 53. Kh6
Kf8 54. Kxg6 Bc6 55. Rxe6+ Kg8 56. Rxc6 f4 57. Rc8#) 50... Nd5+ (50... Na4 51.
Bd6 51... Bd5 $18) 51. Kg5 Bd3 (51... Ne7 52. Rxe7 Bd5 53. Kh6 Kf8 54. Kxg6 Bc6
55. Rxe6+ Kg8 56. Rxc6 f4 57. Rc8#) 52. f4 (52. Kxg6 f4+ 53. e4 Nb6 54. Re7
Bxe4+ 55. fxe4 Kf8 56. Rxe6+ Kg8 57. Re8#) 52... Be4 53. Kxg6 Nc3 (53... Ne7+
54. Rxe7 Bc6 55. Rg7+ Kh8 56. Be7 Be8+ 57. Kh6 Bc6 58. Bf6 Bxg2 59. Rxg2#) 54.
Rc7 (54. Rf7 Bxg2 55. Rf8#) 54... Kh8 (54... Bb7 55. Rxb7 Ne4 56. Rb8#) 55.
Rc8# 1-0

[Event "Bad Woerishofen op"]
[Site "Bad Woerishofen"]
[Date "2001.??.??"]
[Round "2"]
[White "Roeder, Matthias"]
[Black "Schneider, Richard"]
[Result "1/2-1/2"]
[WhiteElo "2456"]
[BlackElo "2180"]
[Annotator "ChessOrg"]
[PlyCount "45"]
[EventDate "1998.03.05"]
[Source "ChessBase"]
[SourceDate "1998.04.29"]

1. Nf3 {A07: Barcza-System} 1... d5 2. g3 Nf6 3. Bg2 c6 4. O-O Bg4 5. b3 Nbd7
6. Bb2 Qc7 7. d4 e6 8. c4 {letzter Buchzug} 8... Be7 9. Nc3 O-O 10. Re1 Rad8
11. Qc1 Rfe8 12. Ba3 Bxa3 13. Qxa3 dxc4 14. bxc4 (14. Qxa7 $4 14... Ra8 15.
Qxa8 Rxa8 16. bxc4 Bxf3 17. Bxf3 17... Qd6 $19) 14... Bxf3 15. Bxf3 e5 16. e3 (
16. Qxa7 $2 16... Ra8 17. Nb5 cxb5 18. Qxb7 Qxc4 19. dxe5 19... Rab8 $19) 16...
Nb6 17. c5 Nc4 18. Qb4 (18. Qa4 exd4 19. exd4 Rxe1+ 20. Rxe1 Rxd4 21. Qxa7
21... h6 $11) 18... Nd2 19. Bg2 e4 20. Qa4 Qe7 (20... b5 21. cxb6 axb6 22. Qd1
$11) 21. Qc2 (21. Rec1 Qe6 22. Qd1 22... Nc4 $14) 21... Nf3+ $11 22. Bxf3 exf3
23. h3 1/2-1/2

[Event "Bad Woerishofen op"]
[Site "Bad Woerishofen"]
[Date "2001.??.??"]
[Round "4"]
[White "Roeder, Matthias"]
[Black "Hofmann, Juergen"]
[Result "1-0"]
[WhiteElo "2456"]
[BlackElo "2181"]
[Annotator "ChessOrg"]
[PlyCount "145"]
[EventDate "1998.03.05"]
[Source "ChessBase"]
[SourceDate "1998.04.29"]

1. d4 {D31: Damengambit (Halbslawisch)} 1... d5 2. c4 c6 3. e3 Nf6 4. Nc3 e6 5.
Qc2 Bd6 6. Nf3 Nbd7 7. Bd3 O-O 8. O-O e5 9. cxd5 cxd5 10. e4 exd4 11. Nxd5 Nxd5
12. exd5 h6 13. Nxd4 13... Nf6 {letzter Buchzug} 14. Nf5 (14. Bc4 14... Bb8 $16
) 14... Bxf5 15. Bxf5 Nxd5 16. Rd1 Nb4 17. Qb3 Qf6 18. Qf3 Rad8 19. Bd2 Nc6 20.
Bc3 Be5 21. Be4 Bxc3 22. bxc3 Qxf3 23. Bxf3 Na5 24. Kf1 Rc8 25. Rd5 b6 26. Rd7
Rxc3 27. Rxa7 Rd8 28. Rd1 Rxd1+ 29. Bxd1 Rc1 30. Ra8+ Kh7 31. Ke2 Rc6 32. Rd8
Kg6 33. Kd3 Nb7 34. Rd4 Nc5+ 35. Kd2 Kf6 36. Bf3 Ke5 37. Rd5+ Ke6 38. Rd8 Rc7
39. Ke3 Nd7 40. Re8+ Kd6 41. Kd4 Rc2 42. Re2 Rc5 43. Rb2 Ra5 44. Kc3 f5 45.
Rd2+ Ke6 46. Bd1 Rc5+ 47. Kb4 Ne5 48. Bb3+ Ke7 49. f4 Nc6+ 50. Ka3 g5 51. Re2+
Kd7 52. Re6 b5 53. Rxh6 gxf4 54. Be6+ Ke7 55. Bxf5 b4+ 56. Kb2 Nd4 57. Bd3 Rc3
58. Be4 Re3 59. Bd5 Re2+ 60. Kc1 Re1+ (60... Nf5 $5 61. Kd1 Rb2 62. Re6+ 62...
Kd7 $11) 61. Kd2 $16 61... Re5 62. Bc4 Rg5 (62... f3 63. gxf3 Nxf3+ 64. Kc2 $16
) 63. Kd3 f3 64. gxf3 (64. Kxd4 fxg2 65. Re6+ 65... Kd7 $14) 64... Nxf3 65. Bb3
Rg2 (65... Rc5 66. Ke3 Rc3+ 67. Kf4 $16) 66. h3 Rg3 (66... Nd2 67. h4 $18) 67.
Kc4 Ng1 68. h4 Rg4+ 69. Kc5 Nf3 70. Rh7+ Ke8 71. Kd6 Rxh4 72. Rb7 Rd4+ 73. Bd5
(73. Bd5 Rxd5+ 74. Kxd5 $18) 1-0

[Event "Bad Woerishofen op"]
[Site "Bad Woerishofen"]
[Date "2001.??.??"]
[Round "6"]
[White "Roeder, Matthias"]
[Black "Heinzel, Olaf"]
[Result "1-0"]
[WhiteElo "2456"]
[BlackElo "2374"]
[Annotator "ChessOrg"]
[PlyCount "67"]
[EventDate "1998.03.05"]
[Source "ChessBase"]
[SourceDate "1998.04.29"]

1. d4 {A89: Hollaendische Verteidigung (Leningrader Variante)} 1... f5 2. g3
Nf6 3. c4 g6 4. Bg2 Bg7 5. Nc3 O-O 6. Nf3 d6 7. O-O Nc6 8. d5 Ne5 9. Nxe5 dxe5
10. Qb3 10... Nd7 {letzter Buchzug} 11. Rd1 Kh8 12. Qa3 h6 13. c5 e4 14. f3
exf3 15. exf3 c6 16. Be3 Ne5 (16... cxd5 17. Nxd5 17... Kh7 $16) 17. dxc6 $16
17... Qe8 18. Nd5 Qxc6 (18... Nxc6 $4 19. Nc7 Qf7 20. Nxa8 $18) 19. Rac1 Be6
20. f4 Ng4 21. Bd4 (21. Nxe7 Qe8 22. c6 Nxe3 23. cxb7 23... Rb8 $16) 21...
Bxd4+ 22. Rxd4 Bxd5 23. Bxd5 Qc7 24. Rb4 Rab8 25. Bf3 Rf6 (25... e5 26. Qc3 $16
) 26. h3 (26. Qxa7 Ra6 27. Qxb8+ 27... Qxb8 $19) 26... Ra6 27. Qb3 Nf6 28. Rxb7
Rxb7 29. Qxb7 (29. Bxb7 Rb6 30. cxb6 Qxc1+ 31. Kg2 Qd2+ 32. Kf1 axb6 33. Qxb6
33... Kg7 $18) 29... Qa5 $4 (29... Qxb7 30. Bxb7 30... Rxa2 $18) 30. Qxe7 (30.
c6 Qd2 31. Rd1 Qe3+ 32. Kg2 32... Rb6 $18) 30... Qxa2 (30... Ng8 31. Qe5+ Rf6
32. Bd5 $18) 31. Qd8+ (31. Rd1 $142 31... Qe6 32. Rd8+ Ng8 33. Qxe6 33... Rxe6
$18) 31... Kh7 32. Qc7+ Kh8 33. Qb8+ Kh7 (33... Qg8 34. Qxg8+ 34... Kxg8 $18)
34. c6 (34. c6 Qf7 35. c7 $18) 1-0

[Event "Bad Woerishofen op"]
[Site "Bad Woerishofen"]
[Date "2001.??.??"]
[Round "8"]
[White "Roeder, Matthias"]
[Black "Levin, Felix"]
[Result "1/2-1/2"]
[WhiteElo "2456"]
[BlackElo "2531"]
[Annotator "ChessOrg"]
[PlyCount "48"]
[EventDate "1998.03.05"]
[Source "ChessBase"]
[SourceDate "1998.04.29"]

1. Nf3 {A05: Uebergaenge in verschiedene Eroeffnungen} 1... Nf6 2. g3 b5 3. Bg2
Bb7 4. Na3 a6 5. c4 e5 6. d3 {letzter Buchzug} 6... Bxa3 7. bxa3 bxc4 8. O-O (
8. Rb1 $5 8... Bxf3 9. Bxf3 $11) 8... cxd3 $17 9. Nxe5 (9. exd3 9... d6 $17)
9... Bxg2 10. Kxg2 dxe2 11. Qxe2 O-O 12. Qf3 c6 13. Bg5 h6 14. Bxf6 Qxf6 15.
Qxf6 gxf6 16. Nc4 d5 17. Na5 Rc8 18. Rab1 Ra7 (18... c5 $5 $15 $142) 19. Rxb8
$11 19... Rxb8 20. Nxc6 Rab7 21. Nxb8 Rxb8 22. Rc1 Rb5 23. Rc6 Ra5 24. Rxf6
Rxa3 1/2-1/2

[Event "Bad Woerishofen op"]
[Site "Bad Woerishofen"]
[Date "2001.??.??"]
[Round "2"]
[White "Rolle, Eric"]
[Black "Kunz, Konstantin"]
[Result "1/2-1/2"]
[WhiteElo "2113"]
[BlackElo "2196"]
[Annotator "ChessOrg"]
[PlyCount "133"]
[EventDate "1998.03.05"]
[Source "ChessBase"]
[SourceDate "1998.04.29"]

1. e4 {B42: Sizilianisch (Paulsen-Variante)} 1... c5 2. Nf3 e6 3. d4 cxd4 4.
Nxd4 a6 5. Bd3 Qb6 6. Nb3 Qc7 7. O-O d6 8. c4 Nf6 9. Nc3 Be7 10. Qe2 {
letzter Buchzug} 10... Nbd7 11. Be3 b6 12. f3 Bb7 13. Rac1 O-O 14. Qf2 Rfe8 15.
g4 Nc5 16. Bc2 g6 (16... Nfd7 17. Nxc5 bxc5 18. Rcd1 $11) 17. Nd4 (17. Nd2
17... Rac8 $14) 17... Bf8 18. b4 Ncd7 19. Bb3 Ne5 20. Qe2 Rac8 21. Na4 Nfd7 22.
h4 (22. b5 22... Nc5 $11) 22... Nc6 23. Nxc6 Bxc6 24. Qf2 Rb8 (24... Be7 25.
Rfd1 $11) 25. Rfd1 b5 26. cxb5 axb5 27. Nb2 Qb7 28. Nd3 Rbc8 29. h5 Nf6 30.
hxg6 hxg6 31. Qh4 Bg7 32. Rc2 Bxe4 33. fxe4 (33. Rxc8 Rxc8 34. fxe4 34... Qxe4
$11) 33... Qxe4 $11 34. Qg3 (34. Bf4 Rxc2 35. Bxc2 Qd4+ 36. Qf2 Nxg4 37. Qxd4
Bxd4+ 38. Kf1 38... e5 $11) 34... Nxg4 35. Bf4 (35. Rxc8 $5 $142 35... Rxc8 36.
Bf2 $15) 35... Bd4+ $17 36. Kf1 Qf5 37. Kg2 (37. Rxc8 Rxc8 38. Ke2 38... Rc3
$15) 37... d5 (37... Rxc2+ $5 38. Bxc2 38... e5 $17) 38. Rdc1 Rxc2+ 39. Bxc2
Qe4+ (39... Ra8 $5 40. Nb2 40... Qh5 $11) 40. Kh3 $14 40... Nf6 (40... f5 41.
Ne5 Bf2 42. Bxe4 Bxg3 43. Kxg3 Nxe5 44. Bxe5 dxe4 45. Rc7 $16) 41. Ne5 $16
41... Nh5 42. Bxe4 Nxg3 43. Bxg6 $1 (43. Kxg3 $6 43... dxe4 44. Kg4 44... Ra8
$11) 43... fxg6 44. Bxg3 (44. Kxg3 $143 44... g5 45. Bxg5 Bxe5+ 46. Kg4 46...
Kf7 $17) 44... Ra8 45. Nc6 Bf6 46. Rc5 Rxa2 47. Rxb5 d4 48. Ne5 (48. Be5 Bxe5
49. Rxe5 d3 50. Rxe6 Kf7 51. Nd8+ 51... Kg7 $18) 48... Ra3 (48... Bxe5 49. Rxe5
Kf7 50. Kg4 $18) 49. Kg4 Re3 (49... Bxe5 50. Bxe5 d3 51. Kf3 $18) 50. Bf4 Re1
51. Rb8+ (51. Nxg6 $6 51... Rg1+ 52. Kh5 Rh1+ 53. Kg4 Rg1+ 54. Kh5 Rh1+ 55. Kg4
55... Rg1+ $11) 51... Kg7 52. Rb7+ Kg8 53. Nd7 Bg7 54. b5 e5 55. Bg3 Re3 56.
Nc5 Rc3 (56... Bf8 57. Ne6 Bh6 58. b6 $18) 57. Ne6 (57. Rb8+ Kf7 58. Ne4 Rxg3+
59. Kxg3 59... Bh6 $18) 57... Bf6 58. b6 58... e4 $4 (58... Rc6 59. Ng5 Bxg5
60. Kxg5 $18) 59. Rb8+ (59. Rd7 $18 $142) 59... Kf7 60. b7 (60. Nf4 $5 60...
Rb3 $18) 60... Rb3 (60... Rxg3+ $5 $142 61. Kxg3 Be5+ 62. Kg4 Bxb8 63. Nxd4
63... Kf6 $11) 61. Rf8+ $16 61... Kxe6 62. b8=Q Rxb8 63. Rxb8 d3 (63... Kd5 64.
Rb5+ Kc4 65. Rb6 $18) 64. Be1 (64. Rb6+ $5 $142 64... Ke7 65. Kf4 65... d2 $18)
64... Kd5 65. Bd2 Bd4 66. Rb5+ $4 (66. Rd8+ $142 66... Kc4 67. Kf4 $18) 66...
Kc4 $14 67. Rb4+ 1/2-1/2

[Event "Bad Woerishofen op"]
[Site "Bad Woerishofen"]
[Date "2001.??.??"]
[Round "4"]
[White "Rolle, Eric"]
[Black "Ring, Gregor"]
[Result "1-0"]
[WhiteElo "2113"]
[BlackElo "1750"]
[Annotator "ChessOrg"]
[PlyCount "53"]
[EventDate "1998.03.05"]
[Source "ChessBase"]
[SourceDate "1998.04.29"]

1. e4 {B07: Pirc-Ufimzew-Verteidigung} 1... d6 2. d4 Nf6 3. Nc3 g6 4. Bg5 Bg7
5. Qd2 5... O-O {letzter Buchzug} 6. O-O-O c6 7. h4 h5 8. f3 b5 9. Nge2 (9. g4
b4 10. Nb1 hxg4 11. Bxf6 11... exf6 $14) 9... Nbd7 (9... b4 10. Nb1 Qa5 11. Nf4
$11) 10. g4 (10. e5 $142 10... b4 11. exf6 bxc3 12. Qxc3 Nxf6 13. g4 hxg4 14.
Bxf6 Bxf6 15. h5 $11 (15. Qxc6 $143 15... Qb6 16. Qc3 16... gxf3 $17)) 10...
Nb6 (10... b4 11. Nb1 hxg4 12. Bg2 $11) 11. Ng3 (11. Bxf6 $5 $142 11... Bxf6
12. gxh5 $16) 11... hxg4 $11 12. h5 12... gxf3 $4 (12... b4 13. Nb1 b3 (13...
gxf3 $2 14. h6 $18 (14. Qxb4 $6 14... gxh5 15. Bxf6 15... Bxf6 $11)) 14. cxb3
Nxh5 15. Nxh5 15... gxh5 $16) 13. h6 $18 13... Bxh6 14. Bxh6 Re8 15. Bg7 Ng4
16. Bh8 f6 17. Bh3 Kf7 (17... Nc4 $5 18. Qf4 18... Qa5 $14) 18. Bxg4 $16 18...
Rxh8 19. Bxf3 Bh3 20. Rh2 Nc4 21. Qe2 (21. Qd3 Be6 22. Rxh8 22... Qxh8 $18)
21... Rh4 (21... e5 $142 22. dxe5 22... fxe5 $16) 22. Rdh1 $18 22... Qh8 23.
Nh5 (23. Bg2 $5 $142 23... Bxg2 24. Rxh4 24... Bxh1 $18) 23... Qh6+ 24. Kb1
24... Nd2+ $2 (24... gxh5 $142 25. Rxh3 Rxh3 26. Rxh3 Nd2+ 27. Ka1 Nxf3 28.
Qxf3 28... Rh8 $16) 25. Qxd2 Qxd2 26. Rxd2 gxh5 27. Rdh2 (27. Rdh2 Bg4 28. Rxh4
Bxf3 29. Rf1 $18) 1-0

[Event "Bad Woerishofen op"]
[Site "Bad Woerishofen"]
[Date "2001.??.??"]
[Round "6"]
[White "Rolle, Eric"]
[Black "Born, Ludger"]
[Result "1-0"]
[WhiteElo "2113"]
[BlackElo "1581"]
[Annotator "ChessOrg"]
[PlyCount "120"]
[EventDate "1998.03.05"]
[Source "ChessBase"]
[SourceDate "1998.04.29"]

1. e4 {C10: Franzoesische Verteidigung (Rubinstein-Variante)} 1... e6 2. d4 d5
3. Nc3 dxe4 4. Nxe4 Nd7 5. Nf3 Ngf6 6. Bd3 Nxe4 7. Bxe4 Nf6 8. Bg5 Be7 9. Bxf6
gxf6 10. Qe2 c6 11. O-O-O {letzter Buchzug} 11... Qa5 12. Kb1 Bd7 13. c4 Rd8
14. a3 (14. h3 14... b5 $14) 14... h5 15. Rhe1 Kf8 16. d5 (16. h3 16... b5 $11)
16... cxd5 17. cxd5 Bb5 18. Qe3 e5 19. Nh4 Qb6 20. Qg3 (20. Qxb6 $5 20... axb6
21. Nf5 $16) 20... Rg8 21. Qf3 Bd7 22. h3 Bc5 23. d6 (23. Re2 Ba4 24. Rdd2
24... Bb5 $14) 23... Be6 $11 (23... Bxf2 $143 24. Qxf6 Bxh4 25. Qxh4 $18) (
23... Bxd6 24. Bd5 (24. Qxh5 $143 24... Bxa3 25. Re2 25... Bb4 $17) (24. Bxb7
Rb8 25. Qxf6 25... Be6 $19) 24... Bc7 25. Qxh5 $14) 24. Qxf6 Bxd6 (24... Rxd6
25. Rxd6 Qxd6 (25... Bxd6 $143 26. Ng6+ Rxg6 27. Bxg6 $14) 26. Qh6+ Ke8 27.
Qxh5 27... Bxf2 $14) 25. Ng6+ $16 25... Ke8 26. Nxe5 Be7 27. Qf3 (27. Rxd8+
Qxd8 28. Qf3 28... Qa5 $18) 27... Rxd1+ 28. Rxd1 (28. Qxd1 $5 $142 28... Qxf2
29. Bxb7 $16) 28... Rg5 $11 29. Qc3 (29. Nd3 $142 29... Bxa3 30. Bxb7 $11)
29... Bf6 $4 (29... Qb3 $142 30. Qxb3 30... Bxb3 $15) 30. f4 $16 30... Bxe5 31.
fxe5 Kf8 32. b4 (32. h4 $142 32... Rg4 33. Qd3 $14) 32... h4 (32... a5 33. Qd4
Qxd4 34. Rxd4 $11) 33. Bf3 (33. Qd2 $5 $142 33... Rh5 34. Qf4 $18) 33... Kg7
34. Rd4 Bf5+ (34... a5 $5 $14) 35. Kb2 $16 35... Qh6 (35... a5 36. e6 $1 36...
f6 37. e7 $18) 36. Rd6 (36. e6 Qf6 37. exf7 37... b6 $18) 36... Be6 $16 37. Bg4
Rg6 38. Qd4 (38. g3 $5 $18 $142) 38... Qg5 $16 39. Qxa7 (39. Rd8 Bxg4 40. e6+
Qf6 41. Qxf6+ Kxf6 (41... Rxf6 $2 42. e7 (42. hxg4 Rxe6 43. Kc3 43... b5 $17)
42... Re6 43. e8=Q (43. hxg4 Rxe7 44. Kc3 44... Re2 $15) 43... Rxe8 44. Rxe8
$18) 42. exf7 Kxf7 43. hxg4 43... Rxg4 $15) 39... Qxe5+ (39... Bxg4 40. hxg4
Rxd6 41. exd6 Qd2+ 42. Kb3 Qd1+ 43. Kc3 Qe1+ 44. Kd3 Qd1+ 45. Kc4 Qe2+ 46. Kc3
Qe1+ 47. Kc2 Qe2+ 48. Kb1 Qd1+ 49. Ka2 Qc2+ 50. Ka1 Qc1+ 51. Ka2 Qc2+ 52. Ka1
Qc1+ 53. Ka2 53... Qc2+ $11) 40. Qd4 $14 40... Kf6 (40... Qxd4+ 41. Rxd4 Bxg4
42. hxg4 $11 (42. Rxg4 $6 42... Rxg4 43. hxg4 43... Kg6 $18)) 41. Kc3 (41. Bf3
41... Rg3 $16) 41... Rg8 (41... Qxd4+ 42. Rxd4 Bxg4 43. hxg4 $16 (43. Rxg4 $6
43... Rh6 $16)) 42. Bxe6 (42. Bf3 $5 $16) 42... fxe6 43. Kc4 (43. Qxe5+ Kxe5
44. Rb6 44... Rxg2 $11) 43... Qxd4+ (43... b5+ $5 $142 44. Kb3 Rxg2 45. Qxh4+
45... Kg6 $11) 44. Rxd4 $16 (44. Kxd4 $6 44... Rxg2 45. Ke4 45... Rg3 $15)
44... Rxg2 45. Rxh4 Ra2 46. Kb3 Rd2 47. a4 Rd7 48. a5 Kf5 49. Rh8 e5 50. Rf8+
Ke4 51. Kc4 Ke3 52. b5 e4 53. a6 bxa6 54. bxa6 Rh7 55. Re8 Kf3 56. Kb5 Rd7 (
56... Kf4 57. Kb6 Rh6+ 58. Kb7 58... Rxh3 $18) 57. Kb6 Rd1 (57... Rd6+ 58. Kb7
Rd7+ 59. Kb8 59... Rd1 $18) 58. a7 Rb1+ 59. Kc5 Rc1+ 60. Kb4 Rb1+ 1-0